[Event "World Chess Cup 2011"]
[Site "0:09.30-0:08.07"]
[Date "2011.08.31"]
[Round "21"]
[White "Karjakin, Sergey"]
[Black "So, Wesley"]
[Result "1/2-1/2"]
[WhiteElo "2788"]
[BlackElo "2658"]
[PlyCount "61"]
[EventDate "2011.??.??"]
[WhiteTeam "Russland"]
[BlackTeam "Philippinen"]
[WhiteTeamCountry "RUS"]
[BlackTeamCountry "PHI"]

1. e4 e6 2. d4 d5 3. Nc3 Nf6 4. e5 Nfd7 5. f4 c5 6. Nf3 Nc6 7. Be3 a6 8. Qd2 b5
9. dxc5 Bxc5 10. Bd3 Qb6 11. Bf2 b4 12. Na4 Bxf2+ 13. Qxf2 Qxf2+ 14. Kxf2 Bb7
15. Rac1 O-O 16. Rhe1 Rfc8 17. h4 Ne7 18. Nd4 Bc6 19. Nxc6 Rxc6 20. h5 f6 21.
exf6 gxf6 22. c4 bxc3 23. Rxc3 Rxc3 24. bxc3 e5 25. Rb1 Ra7 26. g3 h6 27. Be2
Kf7 28. Bg4 f5 29. Be2 Ke6 30. Ke3 e4 31. Kd2 1/2-1/2

[Event "World Chess Cup 2011"]
[Site "0:00.47-0:05.32"]
[Date "2011.08.31"]
[Round "21"]
[White "Alekseev, Evgeny"]
[Black "Ivanchuk, Vassily"]
[Result "0-1"]
[WhiteElo "2659"]
[BlackElo "2768"]
[PlyCount "194"]
[EventDate "2011.??.??"]
[WhiteTeam "Russland"]
[BlackTeam "Ukraine"]
[WhiteTeamCountry "RUS"]
[BlackTeamCountry "UKR"]

1. e4 c6 2. d4 d5 3. Nc3 dxe4 4. Nxe4 Nd7 5. Nf3 Ngf6 6. Nxf6+ Nxf6 7. c3 Bg4
8. h3 Bxf3 9. Qxf3 e6 10. g3 a5 11. a4 g6 12. Bg2 Bg7 13. O-O O-O 14. Re1 Re8
15. h4 Rc8 16. Bg5 h6 17. Bd2 Rc7 18. Rad1 Rd7 19. Bc1 Qb6 20. Rd2 h5 21. Bh3
Qb3 22. Qd1 Qxd1 23. Rdxd1 Nd5 24. Bg5 b5 25. axb5 cxb5 26. Ra1 a4 27. Bd2 Rc7
28. Bf1 Rb8 29. Bg2 Rd8 30. Bf1 b4 31. Rxa4 bxc3 32. bxc3 Nxc3 33. Bxc3 Rxc3
34. Rd1 Rc6 35. Bg2 Rcd6 36. d5 exd5 37. Ra7 Bc3 38. Rd3 d4 39. Ra8 Rxa8 40.
Bxa8 Kg7 41. Bg2 Kf6 42. Bf1 Ke5 43. Rd1 Rb6 44. Kg2 Kd5 45. Bd3 Rb2 46. Kf3
Kc5 47. Rb1 Rd2 48. Rb5+ Kc6 49. Bc4 Rc2 50. Bd3 Ra2 51. Rb1 Ra7 52. Ke2 Kd6
53. Rb6+ Ke7 54. Bc4 Kf8 55. Kd3 Rd7 56. Rb8+ Kg7 57. Re8 Rb7 58. Bd5 Rb2 59.
Re2 Rb5 60. Bg2 Rf5 61. Be4 Ra5 62. Kc4 Ra1 63. Bd5 Rf1 64. Bg2 Rd1 65. Bd5 Kf8
66. Ra2 Rf1 67. Bg2 Re1 68. Bd5 Re5 69. Bg2 Rf5 70. Be4 Rf6 71. Re2 Ra6 72. Bc2
Ra1 73. Kd3 f5 74. Re6 Kg7 75. Rc6 Re1 76. Rc7+ Kh6 77. Rc6 Re7 78. Kc4 Kg7 79.
f3 Re2 80. Bd3 Rg2 81. g4 hxg4 82. fxg4 Rxg4 83. h5 gxh5 84. Bxf5 Rg3 85. Kd5
h4 86. Ke5 Re3+ 87. Kf4 Be1 88. Re6 Bg3+ 89. Kg5 Kf7 90. Re4 h3 91. Rxd4 h2 92.
Rd7+ Kf8 93. Rd8+ Ke7 94. Rd7+ Ke8 95. Rh7 Kd8 96. Kg4 Be5 97. Rd7+ Ke8 0-1

[Event "World Chess Cup 2011"]
[Site "0:01.48-0:04.52"]
[Date "2011.08.31"]
[Round "21"]
[White "Feller, Sebastien"]
[Black "Grischuk, Alexander"]
[Result "1/2-1/2"]
[WhiteElo "2666"]
[BlackElo "2746"]
[PlyCount "111"]
[EventDate "2011.??.??"]
[WhiteTeam "Frankreich"]
[BlackTeam "Russland"]
[WhiteTeamCountry "FRA"]
[BlackTeamCountry "RUS"]

1. d4 Nf6 2. c4 g6 3. Nc3 Bg7 4. e4 d6 5. Nf3 O-O 6. Be2 e5 7. O-O Nc6 8. Be3
Re8 9. dxe5 dxe5 10. h3 Be6 11. Re1 h6 12. Qc1 Kh7 13. Rd1 Qc8 14. Qc2 Nb4 15.
Qb3 Nc6 16. Qc2 Nb4 17. Qa4 Nc6 18. a3 Rd8 19. Qc2 Rxd1+ 20. Rxd1 Qh8 21. Nd5
Ne8 22. Qd2 Rd8 23. b4 a6 24. b5 axb5 25. cxb5 Nd4 26. Nxd4 exd4 27. Bxd4 Bxd4
28. Qxd4 Qxd4 29. Rxd4 Kg7 30. Rd3 Bxd5 31. exd5 b6 32. a4 Kf6 33. Re3 Nd6 34.
Rc3 Re8 35. Bg4 Re1+ 36. Kh2 Re7 37. f4 h5 38. Bf3 Rd7 39. Rc6 Ke7 40. g4 hxg4
41. hxg4 Kd8 42. Kg3 Nc8 43. Rc1 Re7 44. f5 gxf5 45. gxf5 f6 46. Rc6 Nd6 47. a5
Nxf5+ 48. Kf4 Nd4 49. d6 Nxc6 50. dxe7+ Nxe7 51. a6 Nc8 52. Ke4 Na7 53. Kd5 c6+
54. bxc6 Kc7 55. Ke6 Nxc6 56. Kxf6 1/2-1/2

[Event "World Chess Cup 2011"]
[Site "0:33.27-0:23.23"]
[Date "2011.08.31"]
[Round "21"]
[White "Svidler, Peter"]
[Black "Nguyen, Ngoc Truong Son"]
[Result "1/2-1/2"]
[WhiteElo "2739"]
[BlackElo "2637"]
[PlyCount "41"]
[EventDate "2011.??.??"]
[WhiteTeam "Russland"]
[BlackTeam "Vietnam"]
[WhiteTeamCountry "RUS"]
[BlackTeamCountry "VIE"]

1. e4 e6 2. d4 d5 3. Nd2 h6 4. Ngf3 Nf6 5. e5 Nfd7 6. c4 Be7 7. Bd3 O-O 8. O-O
c5 9. cxd5 exd5 10. Bb1 Re8 11. Qc2 Nf8 12. dxc5 Qc7 13. Qd3 Bxc5 14. Nb3 Bb6
15. Bf4 Nc6 16. Qxd5 Be6 17. Qb5 Rad8 18. Bg3 Bd5 19. Nbd2 Nd4 20. Nxd4 Bxd4
21. Be4 1/2-1/2

[Event "World Chess Cup 2011"]
[Site "0:42.49-0:04.20"]
[Date "2011.08.31"]
[Round "21"]
[White "Vitiugov, Nikita"]
[Black "Korobov, Anton"]
[Result "1-0"]
[WhiteElo "2733"]
[BlackElo "2671"]
[PlyCount "55"]
[EventDate "2011.??.??"]
[WhiteTeam "Russland"]
[BlackTeam "Ukraine"]
[WhiteTeamCountry "RUS"]
[BlackTeamCountry "UKR"]

1. d4 d5 2. c4 c6 3. Nf3 Nf6 4. Nc3 e6 5. Bg5 h6 6. Bh4 dxc4 7. e4 g5 8. Bg3 b5
9. Be2 Bb7 10. Qc2 Nbd7 11. Rd1 Nh5 12. d5 Nxg3 13. hxg3 Bg7 14. dxe6 fxe6 15.
e5 Qe7 16. Qg6+ Kf8 17. Ne4 Nxe5 18. Nxe5 Bxe5 19. Rxh6 Rxh6 20. Qxh6+ Bg7 21.
Qg6 c5 22. Nxg5 Bd5 23. Bg4 Re8 24. Kf1 c3 25. bxc3 Bc4+ 26. Kg1 Kg8 27. Re1
Qd7 28. Re4 1-0

[Event "World Chess Cup 2011"]
[Site "0:35.52-0:58.50"]
[Date "2011.08.31"]
[Round "21"]
[White "Ivanov, Alexander"]
[Black "Lysyj, Igor"]
[Result "1/2-1/2"]
[WhiteElo "2538"]
[BlackElo "2679"]
[PlyCount "36"]
[EventDate "2011.??.??"]
[WhiteTeam "Vereinigte Staaten"]
[BlackTeam "Russland"]
[WhiteTeamCountry "USA"]
[BlackTeamCountry "RUS"]

1. e4 e5 2. Nf3 Nc6 3. Bb5 Nf6 4. O-O Nxe4 5. d4 Nd6 6. Bxc6 dxc6 7. dxe5 Nf5
8. Qxd8+ Kxd8 9. Nc3 Ke8 10. h3 h5 11. Rd1 Be7 12. Bg5 Be6 13. Bxe7 Kxe7 14.
Ne2 Bd5 15. Nfd4 Nxd4 16. Rxd4 a5 17. Nf4 Be6 18. Nxe6 Kxe6 1/2-1/2

[Event "World Chess Cup 2011"]
[Site "1:30:00-1:30:00"]
[Date "2011.08.31"]
[Round "21"]
[White "Gupta, Abhijeet"]
[Black "Shankland, Samuel L"]
[Result "1/2-1/2"]
[WhiteElo "2627"]
[BlackElo "2539"]
[PlyCount "29"]
[EventDate "2011.??.??"]
[WhiteTeam "Indien"]
[BlackTeam "Vereinigte Staaten"]
[WhiteTeamCountry "IND"]
[BlackTeamCountry "USA"]

1. d4 d5 2. c4 c6 3. Nf3 Nf6 4. Nc3 a6 5. g3 dxc4 6. a4 e6 7. Bg2 c5 8. dxc5
Qxd1+ 9. Nxd1 Bd7 10. Ne5 Nc6 11. Nxc6 Bxc6 12. Bxc6+ bxc6 13. Be3 Rb8 14. Bd4
Ne4 15. Rc1 1/2-1/2

[Event "World Chess Cup 2011"]
[Site "0:38.09-0:24.57"]
[Date "2011.08.31"]
[Round "21"]
[White "Moiseenko, Alexander"]
[Black "Inarkiev, Ernesto"]
[Result "1/2-1/2"]
[WhiteElo "2715"]
[BlackElo "2679"]
[PlyCount "87"]
[EventDate "2011.??.??"]
[WhiteTeam "Ukraine"]
[BlackTeam "Russland"]
[WhiteTeamCountry "UKR"]
[BlackTeamCountry "RUS"]

1. d4 d5 2. c4 c6 3. Nf3 Nf6 4. Nc3 dxc4 5. a4 e6 6. e3 c5 7. Bxc4 cxd4 8. exd4
Be7 9. O-O O-O 10. Re1 Nc6 11. Bf4 Bd7 12. Ne5 Nb4 13. d5 exd5 14. Nxd5 Nbxd5
15. Bxd5 Bg4 16. Nxg4 Nxd5 17. Nh6+ Kh8 18. Nf5 Nxf4 19. Rxe7 g6 20. Qxd8 Raxd8
21. Ne3 a6 22. g3 Ne6 23. a5 Rb8 24. Nc4 Kg7 25. Rd1 Nd8 26. b3 Nc6 27. Rc7
Rfc8 28. Rcd7 Rd8 29. Kg2 Rxd7 30. Rxd7 Kf6 31. f4 Ke6 32. Rc7 h5 33. h3 Ne7
34. Nb6 Nc6 35. Nc4 Ne7 36. Ne5 f6 37. Nc4 Nd5 38. Rg7 Ne7 39. g4 hxg4 40. hxg4
Rd8 41. f5+ gxf5 42. gxf5+ Nxf5 43. Rxb7 Rd3 44. Rb6+ 1/2-1/2

[Event "World Chess Cup 2011"]
[Site "0:24.50-0:48.02"]
[Date "2011.08.31"]
[Round "21"]
[White "Grachev, Boris"]
[Black "Le, Quang Liem"]
[Result "0-1"]
[WhiteElo "2680"]
[BlackElo "2715"]
[PlyCount "114"]
[EventDate "2011.??.??"]
[WhiteTeam "Russland"]
[BlackTeam "Vietnam"]
[WhiteTeamCountry "RUS"]
[BlackTeamCountry "VIE"]

1. c4 Nf6 2. Nc3 d5 3. cxd5 Nxd5 4. Nf3 g6 5. Qb3 Nb6 6. d4 Bg7 7. Bg5 Be6 8.
Qc2 h6 9. Bh4 O-O 10. Rd1 Nc6 11. e3 Bf5 12. Qc1 Nb4 13. Rd2 N4d5 14. Be2 Rc8
15. O-O g5 16. Bg3 c5 17. Be5 cxd4 18. Bxd4 Nxc3 19. bxc3 Qc7 20. Bxg7 Kxg7 21.
Nd4 Bd7 22. c4 e5 23. Nb3 Be6 24. Na5 Nxc4 25. Nxc4 b5 26. Qc3 bxc4 27. Rc1
Rfd8 28. Rb2 Rd5 29. h3 Qa5 30. Rb7 Qxc3 31. Rxc3 Rd2 32. Bg4 Bxg4 33. hxg4
Rxa2 34. e4 Re2 35. f3 a5 36. Ra7 Rc5 37. Rb7 Ra2 38. Kh2 Ra4 39. Rc1 c3 40.
Rb3 c2 41. Rb2 Rac4 42. Kg3 a4 43. Kf2 a3 44. Ra2 Rc3 45. Ke2 Kf6 46. Kd2 Ke6
47. Rcxc2 Rxc2+ 48. Rxc2 Rxc2+ 49. Kxc2 Kd6 50. Kb3 Kc5 51. Kxa3 Kd4 52. Kb4 f6
53. Kb5 Ke3 54. Kc4 Kf2 55. Kd3 Kxg2 56. Ke2 Kh3 57. Kf2 Kh2 0-1

[Event "World Chess Cup 2011"]
[Site "0:28.24-1:11.52"]
[Date "2011.08.31"]
[Round "21"]
[White "Adams, Michael"]
[Black "Nielsen, Peter Heine"]
[Result "1/2-1/2"]
[WhiteElo "2715"]
[BlackElo "2681"]
[PlyCount "45"]
[EventDate "2011.??.??"]
[WhiteTeam "England"]
[BlackTeam "Dänemark"]
[WhiteTeamCountry "ENG"]
[BlackTeamCountry "DEN"]

1. e4 c5 2. Nf3 d6 3. d4 cxd4 4. Nxd4 Nf6 5. Nc3 g6 6. Be3 Bg7 7. f3 O-O 8. Qd2
Nc6 9. O-O-O d5 10. exd5 Nxd5 11. Nxc6 bxc6 12. Bd4 Bxd4 13. Qxd4 Qb6 14. Na4
Qc7 15. Bc4 Rd8 16. Bb3 Be6 17. Nc5 Nf4 18. Nxe6 Nxe6 19. Qe3 Nf4 20. g3 Nd5
21. Qg5 e6 22. Rd4 Rd7 23. Rhd1 1/2-1/2

[Event "World Chess Cup 2011"]
[Site "0:16.23-0:03.57"]
[Date "2011.08.31"]
[Round "21"]
[White "Jobava, Baadur"]
[Black "Wojtaszek, Radoslaw"]
[Result "1/2-1/2"]
[WhiteElo "2713"]
[BlackElo "2683"]
[PlyCount "72"]
[EventDate "2011.??.??"]
[WhiteTeam "Georgien"]
[BlackTeam "Polen"]
[WhiteTeamCountry "GEO"]
[BlackTeamCountry "POL"]

1. d4 Nf6 2. c4 e6 3. Nc3 Bb4 4. a3 Bxc3+ 5. bxc3 c5 6. e3 O-O 7. Bd3 Nc6 8.
Ne2 b6 9. e4 Ne8 10. O-O Ba6 11. Ng3 Na5 12. f4 Bxc4 13. Bxc4 Nxc4 14. f5 cxd4
15. cxd4 f6 16. Rb1 exf5 17. exf5 d5 18. Rb3 Qd7 19. Qh5 Ned6 20. Ne2 Qf7 21.
Qh3 Rfe8 22. Nf4 Ne4 23. Ne6 Rac8 24. Qh4 Ncd2 25. Bxd2 Nxd2 26. Rh3 h5 27.
Nxg7 Kxg7 28. Rg3+ Kf8 29. Qf4 Nxf1 30. Qh6+ Ke7 31. Rg7 Ne3 32. Rxf7+ Kxf7 33.
Qh7+ Kf8 34. Qh6+ Kf7 35. Qh7+ Kf8 36. Qh6+ Kf7 1/2-1/2

[Event "World Chess Cup 2011"]
[Site "1:30:00-1:30:00"]
[Date "2011.08.31"]
[Round "21"]
[White "Drozdovskij, Yuri"]
[Black "Caruana, Fabiano"]
[Result "1/2-1/2"]
[WhiteElo "2614"]
[BlackElo "2711"]
[PlyCount "29"]
[EventDate "2011.??.??"]
[WhiteTeam "Ukraine"]
[BlackTeam "Italien"]
[WhiteTeamCountry "UKR"]
[BlackTeamCountry "ITA"]

1. d4 Nf6 2. c4 g6 3. Nf3 Bg7 4. g3 d5 5. cxd5 Nxd5 6. Bg2 Nb6 7. Nc3 Nc6 8. e3
O-O 9. O-O Re8 10. Re1 a5 11. Qc2 Nb4 12. Qb1 Nc6 13. Qc2 Nb4 14. Qb1 Nc6 15.
Qc2 1/2-1/2

[Event "World Chess Cup 2011"]
[Site "0:41.56-0:03.21"]
[Date "2011.08.31"]
[Round "21"]
[White "Nepomniachtchi, Ian"]
[Black "Riazantsev, Alexander"]
[Result "1/2-1/2"]
[WhiteElo "2711"]
[BlackElo "2688"]
[PlyCount "175"]
[EventDate "2011.??.??"]
[WhiteTeam "Russland"]
[BlackTeam "Russland"]
[WhiteTeamCountry "RUS"]
[BlackTeamCountry "RUS"]

1. e4 e5 2. Nf3 Nc6 3. Bb5 Nf6 4. O-O Nxe4 5. Re1 Nd6 6. Nxe5 Nxe5 7. Rxe5+ Be7
8. Bf1 O-O 9. d4 Bf6 10. Re1 Re8 11. Bf4 Rxe1 12. Qxe1 Ne8 13. c3 d5 14. Bd3 g6
15. Nd2 Ng7 16. Qe2 c6 17. Nb3 b6 18. Re1 Bf5 19. Bxf5 Nxf5 20. Nc1 Qd7 21. Nd3
Ng7 22. Be5 Re8 23. Qf1 Bxe5 24. Nxe5 Qd6 25. h3 f6 26. Ng4 Rxe1 27. Qxe1 h5
28. Ne3 Qe6 29. Qb1 Kf7 30. Qd3 Qd7 31. Qa6 Ne8 32. c4 dxc4 33. Qxc4+ Kg7 34.
d5 cxd5 35. Nxd5 Qe6 36. Qd4 Nd6 37. Kf1 Nf5 38. Qc4 Ne7 39. Ne3 Qe5 40. Qa4
Qxb2 41. Qxa7 Qb1+ 42. Ke2 Qb5+ 43. Kd2 Qb4+ 44. Kc2 Qc5+ 45. Kd1 Qd6+ 46. Ke2
Kh6 47. Qa8 Kg7 48. Qe4 Qc5 49. Qe6 Qb4 50. g4 hxg4 51. hxg4 Qb5+ 52. Kf3 Qc5
53. a4 Nc6 54. Kg2 Ne7 55. Kh3 Qa3 56. Kh2 Qc5 57. Kg2 Qc7 58. Nc4 Qb7+ 59. Kg1
Nc8 60. g5 fxg5 61. Ne5 Qe7 62. Qxg6+ Kf8 63. Nf3 Qd7 64. Qh6+ Ke8 65. Qh5+ Kd8
66. Qxg5+ Kc7 67. Qf4+ Kb7 68. Nd2 b5 69. Qe4+ Ka6 70. axb5+ Kxb5 71. Qc4+ Kb6
72. Nb3 Qf5 73. Qg8 Kc7 74. Nd4 Qf6 75. Qc4+ Kd7 76. Qb5+ Kc7 77. Qd5 Qg6+ 78.
Kf1 Qb1+ 79. Ke2 Qb2+ 80. Ke3 Qc1+ 81. Ke2 Qb2+ 82. Kd3 Qxf2 83. Qc5+ Kb7 84.
Qd5+ Kc7 85. Ne6+ Kb8 86. Qe5+ Ka8 87. Qa5+ Qa7 88. Qxa7+ 1/2-1/2

[Event "World Chess Cup 2011"]
[Site "0:06.38-0:12.21"]
[Date "2011.08.31"]
[Round "21"]
[White "Filippov, Anton"]
[Black "Bacrot, Etienne"]
[Result "1-0"]
[WhiteElo "2606"]
[BlackElo "2710"]
[PlyCount "113"]
[EventDate "2011.??.??"]
[WhiteTeam "Usbekistan"]
[BlackTeam "Frankreich"]
[WhiteTeamCountry "UZB"]
[BlackTeamCountry "FRA"]

1. e4 e5 2. Nf3 Nc6 3. d4 exd4 4. Nxd4 Bc5 5. Nxc6 Qf6 6. Qf3 dxc6 7. Nc3 Qxf3
8. gxf3 Ne7 9. Be3 Bxe3 10. fxe3 Be6 11. Rg1 Rd8 12. Rd1 Rxd1+ 13. Kxd1 O-O 14.
a3 Rd8+ 15. Ke1 Kf8 16. Rg2 f6 17. Rd2 Rxd2 18. Kxd2 Nc8 19. Ne2 Bc4 20. Bh3
Bxe2 21. Kxe2 Nd6 22. Be6 c5 23. Kd3 Ke7 24. Bg8 h6 25. f4 c6 26. Bh7 Kf7 27.
e5 fxe5 28. fxe5 Nc8 29. Bf5 Ne7 30. Bd7 Ng6 31. Ke4 Ne7 32. Bh3 Ke8 33. Be6
Kd8 34. Bg4 Kc7 35. Be6 Kd8 36. h3 Kc7 37. Bg4 b5 38. b3 Kd8 39. Be6 Kc7 40. c4
Kd8 41. Bf7 Kd7 42. Kf4 b4 43. a4 a5 44. Bh5 Kc7 45. h4 g6 46. Bg4 Kd8 47. h5
g5+ 48. Ke4 Ke8 49. e6 Ng8 50. Kf5 Ke7 51. Kg6 Nf6 52. Bf5 g4 53. Kxh6 g3 54.
Bh3 Ng4+ 55. Kg6 Nxe3 56. h6 g2 57. Bxg2 1-0

[Event "World Chess Cup 2011"]
[Site "0:10.39-0:41.11"]
[Date "2011.08.31"]
[Round "21"]
[White "Efimenko, Zahar"]
[Black "Berkes, Ferenc"]
[Result "1/2-1/2"]
[WhiteElo "2706"]
[BlackElo "2696"]
[PlyCount "93"]
[EventDate "2011.??.??"]
[WhiteTeam "Ukraine"]
[BlackTeam "Ungarn"]
[WhiteTeamCountry "UKR"]
[BlackTeamCountry "HUN"]

1. e4 e5 2. Nf3 Nc6 3. Bb5 a6 4. Ba4 Nf6 5. d3 d6 6. c3 g6 7. O-O Bg7 8. Re1
O-O 9. Nbd2 h6 10. h3 Re8 11. Nf1 b5 12. Bc2 d5 13. Bd2 Bb7 14. Ng3 dxe4 15.
dxe4 Nb8 16. a4 Nbd7 17. Qe2 Rb8 18. b4 c5 19. axb5 axb5 20. Ra5 Bc6 21. Rea1
Bf8 22. Ra7 Qc8 23. Bb3 c4 24. Bc2 Ra8 25. Be3 Rxa7 26. Rxa7 Qb8 27. Ra5 Qd6
28. Qe1 Ra8 29. Rxa8 Bxa8 30. Qa1 Bb7 31. Nd2 Qa6 32. Qxa6 Bxa6 33. Ne2 Bb7 34.
f4 Ne8 35. fxe5 Nxe5 36. Nd4 Nd6 37. Bf4 f6 38. Kf2 Kf7 39. Ke3 h5 40. N4f3 Ke6
41. Nd4+ Kf7 42. Bd1 Bc8 43. Be2 Bd7 44. N4f3 Ke6 45. Nd4+ Kf7 46. N4f3 Ke6 47.
Nd4+ 1/2-1/2

[Event "World Chess Cup 2011"]
[Site "0:30.53-0:31.28"]
[Date "2011.08.31"]
[Round "21"]
[White "Sutovsky, Emil"]
[Black "Fressinet, Laurent"]
[Result "1-0"]
[WhiteElo "2700"]
[BlackElo "2698"]
[PlyCount "85"]
[EventDate "2011.??.??"]
[WhiteTeam "Israel"]
[BlackTeam "Frankreich"]
[WhiteTeamCountry "ISR"]
[BlackTeamCountry "FRA"]

1. e4 e5 2. Nf3 Nc6 3. Bb5 Nf6 4. O-O Nxe4 5. d4 Nd6 6. Bxc6 dxc6 7. dxe5 Nf5
8. Qxd8+ Kxd8 9. h3 h6 10. Rd1+ Ke8 11. Nc3 Be6 12. g4 Ne7 13. Nd4 Bd7 14. Kh2
Ng6 15. f4 h5 16. Kg3 Be7 17. Be3 Bh4+ 18. Kf3 Be7 19. Kg3 Bh4+ 20. Kf3 Be7 21.
Nf5 Nh4+ 22. Nxh4 Bxh4 23. f5 Be7 24. Ne4 b6 25. Bg5 Bxg5 26. Nxg5 hxg4+ 27.
hxg4 c5 28. Kg3 Bc6 29. e6 fxe6 30. Re1 Rh6 31. Nxe6 Kf7 32. Rad1 Re8 33. Nd8+
Kf8 34. Rxe8+ Bxe8 35. Ne6+ Kf7 36. Nxc7 Rc6 37. Ne6 Rc8 38. Kf4 c4 39. Rd8 c3
40. b3 Rxd8 41. Nxd8+ Ke7 42. Ne6 g6 43. Nc7 1-0

[Event "World Chess Cup 2011"]
[Site "0:33.15-0:35.19"]
[Date "2011.09.01"]
[Round "22"]
[White "So, Wesley"]
[Black "Karjakin, Sergey"]
[Result "1/2-1/2"]
[WhiteElo "2658"]
[BlackElo "2788"]
[PlyCount "52"]
[EventDate "2011.??.??"]
[WhiteTeam "Philippinen"]
[BlackTeam "Russland"]
[WhiteTeamCountry "PHI"]
[BlackTeamCountry "RUS"]

1. d4 Nf6 2. c4 e6 3. Nc3 Bb4 4. Qc2 O-O 5. a3 Bxc3+ 6. Qxc3 d5 7. Nf3 dxc4 8.
Qxc4 b6 9. Bg5 Ba6 10. Qa4 h6 11. Bh4 c5 12. dxc5 bxc5 13. Rc1 Qe7 14. Nd2 Rd8
15. Rc2 Rd4 16. Bxf6 Qxf6 17. Qe8+ Kh7 18. e3 Rd8 19. Qa4 Bb7 20. Ne4 Qg6 21.
Nxc5 Bxg2 22. Bxg2 Qxg2 23. Qe4+ Qxe4 24. Nxe4 Nd7 25. Ke2 f5 26. Nd2 Ne5
1/2-1/2

[Event "World Chess Cup 2011"]
[Site "0:51.49-0:21.47"]
[Date "2011.09.01"]
[Round "22"]
[White "Ivanchuk, Vassily"]
[Black "Alekseev, Evgeny"]
[Result "1/2-1/2"]
[WhiteElo "2768"]
[BlackElo "2659"]
[PlyCount "48"]
[EventDate "2011.??.??"]
[WhiteTeam "Ukraine"]
[BlackTeam "Russland"]
[WhiteTeamCountry "UKR"]
[BlackTeamCountry "RUS"]

1. d4 Nf6 2. c4 e6 3. Nf3 d5 4. Nc3 Bb4 5. Bg5 Nbd7 6. cxd5 exd5 7. Qc2 O-O 8.
e3 c5 9. Be2 Qa5 10. O-O Bxc3 11. bxc3 Ne4 12. c4 Nxg5 13. Nxg5 Nf6 14. Nf3 Bg4
15. cxd5 cxd4 16. Nxd4 Rac8 17. Qb3 Bxe2 18. Nxe2 Qxd5 19. Rfc1 Qxb3 20. axb3
a6 21. Nf4 Rfd8 22. f3 h6 23. e4 Kf8 24. Kf1 Nd7 1/2-1/2

[Event "World Chess Cup 2011"]
[Site "0:24.42-0:10.25"]
[Date "2011.09.01"]
[Round "22"]
[White "Ponomariov, Ruslan"]
[Black "Ni, Hua"]
[Result "1/2-1/2"]
[WhiteElo "2764"]
[BlackElo "2662"]
[PlyCount "115"]
[EventDate "2011.??.??"]
[WhiteTeam "Ukraine"]
[BlackTeam "China"]
[WhiteTeamCountry "UKR"]
[BlackTeamCountry "CHN"]

1. e4 e6 2. d4 d5 3. Nc3 Nf6 4. e5 Nfd7 5. f4 c5 6. Nf3 Nc6 7. Be3 cxd4 8. Nxd4
Bc5 9. Qd2 O-O 10. O-O-O a6 11. Qf2 Nxd4 12. Bxd4 b6 13. Qe3 Bb7 14. Bd3 Bxd4
15. Qxd4 f6 16. exf6 Qxf6 17. Qxf6 Rxf6 18. g3 Re8 19. Rhe1 b5 20. Bf1 Nb6 21.
Rd4 Bc6 22. a4 Nxa4 23. Nxa4 bxa4 24. Bxa6 Ra8 25. Bd3 h6 26. Rb4 Ra7 27. Kb1
Kf7 28. Ka2 Ke7 29. f5 Kd6 30. fxe6 Rxe6 31. Rxe6+ Kxe6 32. Ka3 Kd6 33. Bb5
Bxb5 34. Rxb5 Rf7 35. Kxa4 Rf2 36. Rb6+ Kc7 37. Rg6 Rxc2 38. b4 Rxh2 39. Kb5 d4
40. Rxg7+ Kd6 41. Kc4 h5 42. Kxd4 h4 43. Rg6+ Kc7 44. g4 h3 45. Ke5 Rb2 46.
Rg7+ Kd8 47. Kd6 Ke8 48. Kc5 h2 49. Rh7 Rg2 50. b5 Kf8 51. b6 Kg8 52. Rh5 Kg7
53. b7 Rb2 54. Kc6 Rc2+ 55. Kb6 Rb2+ 56. Kc6 Rc2+ 57. Kb6 Rb2+ 58. Kc6 1/2-1/2

[Event "World Chess Cup 2011"]
[Site "0:16.11-0:35.28"]
[Date "2011.09.01"]
[Round "22"]
[White "Azarov, Sergei"]
[Black "Gashimov, Vugar"]
[Result "1/2-1/2"]
[WhiteElo "2648"]
[BlackElo "2760"]
[PlyCount "114"]
[EventDate "2011.??.??"]
[WhiteTeam "Weißrussland"]
[BlackTeam "Aserbeidschan"]
[WhiteTeamCountry "BLR"]
[BlackTeamCountry "AZE"]

1. e4 c5 2. Nf3 d6 3. d4 cxd4 4. Nxd4 Nf6 5. Nc3 a6 6. Bg5 Nbd7 7. f4 Qc7 8.
Qf3 b5 9. O-O-O Bb7 10. Bd3 g6 11. Nd5 Nxd5 12. exd5 Bg7 13. Nc6 Bf6 14. h4 h6
15. Bxf6 Nxf6 16. f5 gxf5 17. Bxf5 Nxd5 18. Qxd5 Bxc6 19. Qd4 e5 20. Qxd6 Qxd6
21. Rxd6 Bxg2 22. Re1 Ke7 23. Rd2 Rhg8 24. Rxe5+ Kf6 25. Rc5 Rg3 26. b3 Bh3 27.
Rd6+ Kg7 28. Bxh3 Rxh3 29. h5 Rh2 30. Rb6 Rg2 31. Kb2 Rg5 32. b4 Ra7 33. Kb3 f5
34. a4 bxa4+ 35. Kxa4 Rxh5 36. Rbc6 Rh1 37. Rxf5 Rb7 38. Rf3 Rb1 39. c3 Rh1 40.
Rg3+ Kh7 41. Rgg6 a5 42. Rb6 Rxb6 43. Rxb6 axb4 44. cxb4 h5 45. Rc6 h4 46. Kb5
Rg1 47. Rc4 Rg5+ 48. Ka4 Rh5 49. b5 h3 50. Rc1 h2 51. Rh1 Kg6 52. b6 Rh7 53.
Ka5 Kg5 54. Ka6 Kg4 55. b7 Rxb7 56. Kxb7 Kg3 57. Rxh2 Kxh2 1/2-1/2

[Event "World Chess Cup 2011"]
[Site "0:30.21-0:24.48"]
[Date "2011.09.01"]
[Round "22"]
[White "Kamsky, Gata"]
[Black "Kasimdzhanov, Rustam"]
[Result "1-0"]
[WhiteElo "2741"]
[BlackElo "2669"]
[PlyCount "81"]
[EventDate "2011.??.??"]
[WhiteTeam "Vereinigte Staaten"]
[BlackTeam "Usbekistan"]
[WhiteTeamCountry "USA"]
[BlackTeamCountry "UZB"]

1. e4 e5 2. Nf3 Nc6 3. Bb5 a6 4. Ba4 Nf6 5. O-O b5 6. Bb3 Bc5 7. a4 Rb8 8. axb5
axb5 9. Nxe5 Nxe5 10. d4 Bxd4 11. Qxd4 d6 12. f4 Nc6 13. Qc3 Ne7 14. e5 Ne4 15.
Qe1 Nc5 16. Ba2 O-O 17. Be3 Bf5 18. b4 Ne6 19. Qf2 d5 20. c3 f6 21. exf6 Rxf6
22. Nd2 Qd6 23. Rfe1 Kh8 24. Bb3 h6 25. g3 Bg4 26. Bc5 Nxc5 27. Qxc5 Qxc5+ 28.
bxc5 Ng6 29. Bxd5 Rd8 30. Bf3 Bxf3 31. Nxf3 Rd5 32. Ra8+ Kh7 33. Ree8 Rxc5 34.
Nd4 Nxf4 35. gxf4 Rxf4 36. Ne6 Rg4+ 37. Kf2 Rf5+ 38. Ke3 h5 39. Ra6 g6 40. Re7+
Kh6 41. Ra8 1-0

[Event "World Chess Cup 2011"]
[Site "0:08.22-0:28.28"]
[Date "2011.09.01"]
[Round "22"]
[White "Nguyen, Ngoc Truong Son"]
[Black "Svidler, Peter"]
[Result "1/2-1/2"]
[WhiteElo "2637"]
[BlackElo "2739"]
[PlyCount "59"]
[EventDate "2011.??.??"]
[WhiteTeam "Vietnam"]
[BlackTeam "Russland"]
[WhiteTeamCountry "VIE"]
[BlackTeamCountry "RUS"]

1. d4 Nf6 2. c4 g6 3. Nf3 Bg7 4. g3 c6 5. Bg2 d5 6. cxd5 cxd5 7. O-O O-O 8. Nc3
Ne4 9. Ne5 Nxc3 10. bxc3 Nc6 11. Nxc6 bxc6 12. Qa4 Qb6 13. Bf4 Qa6 14. Qb4 Bf5
15. Rfe1 Rfe8 16. e4 Bxe4 17. Bxe4 dxe4 18. Rxe4 e6 19. a4 Qb6 20. Rb1 Bf8 21.
Qb3 h5 22. Qc2 Qa6 23. Qe2 Qxe2 24. Rxe2 c5 25. dxc5 Bxc5 26. Be5 Bb6 27. Rb5
Rac8 28. Rd2 Bc7 29. Bf6 Bd8 30. Bxd8 1/2-1/2

[Event "World Chess Cup 2011"]
[Site "0:13.17-0:08.26"]
[Date "2011.09.01"]
[Round "22"]
[White "Korobov, Anton"]
[Black "Vitiugov, Nikita"]
[Result "1/2-1/2"]
[WhiteElo "2671"]
[BlackElo "2733"]
[PlyCount "106"]
[EventDate "2011.??.??"]
[WhiteTeam "Ukraine"]
[BlackTeam "Russland"]
[WhiteTeamCountry "UKR"]
[BlackTeamCountry "RUS"]

1. d4 d5 2. c4 c6 3. Nf3 Nf6 4. Nc3 dxc4 5. a4 e6 6. e3 c5 7. Bxc4 Nc6 8. O-O
cxd4 9. exd4 Be7 10. Qe2 O-O 11. Rd1 Nd5 12. Bd3 Ncb4 13. Bb1 b6 14. Qe4 g6 15.
Bh6 Re8 16. Qe5 Bf6 17. Qg3 Bg7 18. Bxg7 Kxg7 19. Nb5 Re7 20. Ng5 Nf6 21. Be4
Nbd5 22. Bxd5 Nxd5 23. Ra3 f6 24. Ne4 Ba6 25. Nbd6 Rd7 26. a5 bxa5 27. Rda1 Qb6
28. Rxa5 Be2 29. h4 a6 30. h5 Bxh5 31. R5a4 Rad8 32. Rxa6 Qxd4 33. Qa3 Nf4 34.
Ra7 g5 35. Nc5 Rxa7 36. Qxa7+ Kg8 37. Nde4 Rf8 38. g3 Ne2+ 39. Kh2 f5 40. Nxe6
Qxa7 41. Rxa7 fxe4 42. Nxf8 Kxf8 43. b4 Nc3 44. Ra5 h6 45. b5 Nxb5 46. Rxb5 Kg7
47. Kg1 Be2 48. Rb2 Bf3 49. Rb7+ Kg6 50. Rb6+ Kg7 51. Kf1 h5 52. Ke1 Kh7 53.
Rb1 Kg6 1/2-1/2